Statistics for German Scientists #1

Click here to take the quiz!

General Stats

  • This quiz has been taken 29 times
  • The average score is 16 of 32

Answer Stats

Answer% Correct
Albert Einstein
86%
Johannes Kepler
86%
Fritz Haber
82%
Carl Bosch
77%
Gregor Mendel
77%
Wernher von Braun
77%
Daniel Gabriel Fahrenheit
73%
Max Planck
68%
Werner Heisenberg
68%
Alois Alzheimer
64%
Gottfried Wilhelm Leibniz
64%
Carl Friedrich Gauß
59%
Wilhelm Conrad Röntgen
59%
Robert Wilhelm Bunsen
55%
Georg Simon Ohm
50%
Leonhard Euler
50%
Wilhelm Herschel
45%
Heinrich Hertz
41%
Lise Meitner
41%
Robert Koch
41%
David Hilbert
36%
Paracelsus
32%
Wolfgang Pauli
32%
Max Born
27%
Otto Hahn
27%
Emil von Behring
23%
Ignaz Semmelweis
23%
Werner von Siemens
23%
Justus von Liebig
18%
Paul Ehrlich
18%
Carl von Linde
14%
Joseph von Fraunhofer
14%

Score Distribution

Percentile by Number Answered

Percent of People with Each Score

Your Score History

You have not taken this quiz